000 01166cam a2200325 4500
001 27214
003 BD-RjUL
005 20211209051128.0
008 140324t1974 enk b 001 0 eng d
020 _a0714629391
035 _a(BD-RjUL)27286
040 _aDLC
_cDLC
_dDLC
_dBD-RjUL
_beng
041 1 _aengheb
082 0 0 _a956.9404
_bPOE 1974
100 1 _aPorath, Yehoshua.
_983512
245 1 4 _aThe emergence of the Palestinian-Arab national movement, 1918-1929 /
_c[by] Y. Porath.
260 _aLondon :
_bCass,
_c1974.
300 _avi, 406 p. ;
_c22 cm.
350 _a£7.50
500 _aContinued by the author's The Palestinian Arab national movement, 1929-1939.
500 _aTranslation of Tsemiḥat ha-tenuʻah ha-leʾumit ha-ʻArvit-ha-Palesṭinaʾit, 1918-1929.
500 _aA translation of the author's thesis, Hebrew University, 1971.
504 _aincludes index.
650 0 _aPalestinian Arabs.
_983513
651 0 _aPalestine
_xHistory
_y1917-1948.
_983286
942 _2ddc
_cBK
999 _c27214
_d27214